Four perfect pebbles : (Record no. 230)
[ view plain ]
| 000 -LEADER | |
|---|---|
| fixed length control field | 01684cam a2200409 a 4500 |
| 005 - DATE AND TIME OF LATEST TRANSACTION | |
| control field | 20260322212011.0 |
| 008 - FIXED-LENGTH DATA ELEMENTS--GENERAL INFORMATION | |
| fixed length control field | data |
| 010 ## - LIBRARY OF CONGRESS CONTROL NUMBER | |
| LC control number | 95009752 |
| 020 ## - INTERNATIONAL STANDARD BOOK NUMBER | |
| International Standard Book Number | 0590381962 |
| 020 ## - INTERNATIONAL STANDARD BOOK NUMBER | |
| International Standard Book Number | 9780590381963 |
| 040 ## - CATALOGING SOURCE | |
| Original cataloging agency | DLC |
| Transcribing agency | DLC |
| Modifying agency | DLC |
| 042 ## - AUTHENTICATION CODE | |
| Authentication code | lcac |
| 043 ## - GEOGRAPHIC AREA CODE | |
| Geographic area code | e-ne--- |
| -- | e-ne--- |
| 050 00 - LIBRARY OF CONGRESS CALL NUMBER | |
| Classification number | DS135.G5 |
| Item number | L336 1996 |
| 082 00 - DEWEY DECIMAL CLASSIFICATION NUMBER | |
| Classification number | B |
| -- | B |
| Edition information | 20 |
| 092 ## - LOCALLY ASSIGNED DEWEY CALL NUMBER (OCLC) | |
| Classification number | 940.53 L336 1997 |
| 001 - CONTROL NUMBER | |
| control field | data |
| 100 1# - MAIN ENTRY--PERSONAL NAME | |
| Personal name | Perl, Lila. |
| 245 10 - TITLE STATEMENT | |
| Title | Four perfect pebbles : |
| Remainder of title | a Holocaust story / |
| Statement of responsibility, etc. | Lila Perl & Marion Blumenthal Lazan. |
| 260 ## - PUBLICATION, DISTRIBUTION, ETC. | |
| Place of publication, distribution, etc. | New York : |
| Name of publisher, distributor, etc. | Scholastic Inc, |
| Date of publication, distribution, etc. | 1997, c1996. |
| 300 ## - PHYSICAL DESCRIPTION | |
| Extent | xi, 130 p. : |
| Other physical details | ill. ; |
| Dimensions | 24 cm. |
| 504 ## - BIBLIOGRAPHY, ETC. NOTE | |
| Bibliography, etc. note | Includes bibliographical references (p. 129-130). |
| 600 10 - SUBJECT ADDED ENTRY--PERSONAL NAME | |
| Personal name | Lazan, Marion Blumenthal |
| General subdivision | Juvenile literature. |
| -- | Juvenile literature. |
| 600 11 - SUBJECT ADDED ENTRY--PERSONAL NAME | |
| Personal name | Lazan, Marion Blumenthal |
| General subdivision | Childhood and youth. |
| 610 20 - SUBJECT ADDED ENTRY--CORPORATE NAME | |
| Corporate name or jurisdiction name as entry element | Westerbork (Concentration camp) |
| General subdivision | Juvenile literature. |
| 610 20 - SUBJECT ADDED ENTRY--CORPORATE NAME | |
| Corporate name or jurisdiction name as entry element | Bergen-Belsen (Concentration camp) |
| General subdivision | Juvenile literature. |
| 650 #0 - SUBJECT ADDED ENTRY--TOPICAL TERM | |
| Topical term or geographic name entry element | Jews |
| Geographic subdivision | Germany |
| General subdivision | Juvenile literature. |
| -- | Juvenile literature. |
| 650 #0 - SUBJECT ADDED ENTRY--TOPICAL TERM | |
| Topical term or geographic name entry element | Holocaust, Jewish (1939-1945) |
| General subdivision | Juvenile literature. |
| -- | Juvenile literature. |
| 650 #1 - SUBJECT ADDED ENTRY--TOPICAL TERM | |
| Topical term or geographic name entry element | Jews |
| Geographic subdivision | Germany |
| General subdivision | Biography. |
| 650 #1 - SUBJECT ADDED ENTRY--TOPICAL TERM | |
| Topical term or geographic name entry element | Holocaust, Jewish (1939-1945) |
| General subdivision | Personal narratives. |
| 651 #0 - SUBJECT ADDED ENTRY--GEOGRAPHIC NAME | |
| Geographic name | Germany |
| General subdivision | Juvenile literature. |
| -- | Juvenile literature. |
| 651 #1 - SUBJECT ADDED ENTRY--GEOGRAPHIC NAME | |
| Geographic name | Westerbork (Netherlands : Concentration camp) |
| 651 #1 - SUBJECT ADDED ENTRY--GEOGRAPHIC NAME | |
| Geographic name | Bergen-Belsen (Germany : Concentration camp) |
| 700 1# - ADDED ENTRY--PERSONAL NAME | |
| Personal name | Lazan, Marion Blumenthal. |
| 856 42 - ELECTRONIC LOCATION AND ACCESS | |
| Materials specified | Publisher description |
| Uniform Resource Identifier | <a href="http://www.loc.gov/catdir/description/hc044/95009752.html">http://www.loc.gov/catdir/description/hc044/95009752.html</a> |
| 856 42 - ELECTRONIC LOCATION AND ACCESS | |
| Materials specified | Contributor biographical information |
| Uniform Resource Identifier | <a href="http://www.loc.gov/catdir/enhancements/fy0911/95009752-b.html">http://www.loc.gov/catdir/enhancements/fy0911/95009752-b.html</a> |
| Withdrawn status | Lost status | Damaged status | Not for loan | Home library | Current library | Shelving location | Date acquired | Total checkouts | Full call number | Barcode | Date last seen | Price effective from | Koha item type |
|---|---|---|---|---|---|---|---|---|---|---|---|---|---|
| Franklin | Franklin | General stacks | 22/03/2026 | 940.53/18/092 B 20 | BC0010238 | 22/03/2026 | 22/03/2026 | Books |